Contributions to econometrics and statistics today in memoriam Günter Menges
Na minha lista:
| Formato: | Livro |
|---|---|
| Idioma: | inglês |
| Publicado em: |
Berlin
Springer
1985
|
| Tags: |
Sem tags, seja o primeiro a adicionar uma tag!
|
MARC
| LEADER | 00000nam a2200000 4500 | ||
|---|---|---|---|
| 001 | c110385 | ||
| 005 | 20230117135152.3 | ||
| 041 | 0 | |a eng | |
| 044 | |a DE | ||
| 245 | 1 | 0 | |a Contributions to econometrics and statistics today |b in memoriam Günter Menges |
| 264 | 1 | |a Berlin |b Springer |c 1985 | |
| 300 | |a 311 s. | ||